Chance : Avengers - Mort subite - Statistiques

Statistiques générales
  • Ce quiz a été pris 624 fois
  • Le résultat moyen est 5 sur 17
Answers on the Grid
Answers color-coded by a green-red scale on the quiz's grid according to % correct below.
181px-Jungle_Zombie_Villager_Base.png?ce898
172px-Plains_Villager_Base_JE2.png?a2fcc
181px-Jungle_Zombie_Villager_Base.png?ce898
172px-Plains_Villager_Base_JE2.png?a2fcc
181px-Jungle_Zombie_Villager_Base.png?ce898
172px-Plains_Villager_Base_JE2.png?a2fcc
181px-Jungle_Zombie_Villager_Base.png?ce898
172px-Plains_Villager_Base_JE2.png?a2fcc
181px-Jungle_Zombie_Villager_Base.png?ce898
172px-Plains_Villager_Base_JE2.png?a2fcc
181px-Jungle_Zombie_Villager_Base.png?ce898
172px-Plains_Villager_Base_JE2.png?a2fcc
181px-Jungle_Zombie_Villager_Base.png?ce898
172px-Plains_Villager_Base_JE2.png?a2fcc
181px-Jungle_Zombie_Villager_Base.png?ce898
172px-Plains_Villager_Base_JE2.png?a2fcc
181px-Jungle_Zombie_Villager_Base.png?ce898
172px-Plains_Villager_Base_JE2.png?a2fcc
181px-Jungle_Zombie_Villager_Base.png?ce898
172px-Plains_Villager_Base_JE2.png?a2fcc
181px-Jungle_Zombie_Villager_Base.png?ce898
172px-Plains_Villager_Base_JE2.png?a2fcc
181px-Jungle_Zombie_Villager_Base.png?ce898
172px-Plains_Villager_Base_JE2.png?a2fcc
181px-Jungle_Zombie_Villager_Base.png?ce898
172px-Plains_Villager_Base_JE2.png?a2fcc
181px-Jungle_Zombie_Villager_Base.png?ce898
172px-Plains_Villager_Base_JE2.png?a2fcc
181px-Jungle_Zombie_Villager_Base.png?ce898
172px-Plains_Villager_Base_JE2.png?a2fcc
181px-Jungle_Zombie_Villager_Base.png?ce898
172px-Plains_Villager_Base_JE2.png?a2fcc
181px-Jungle_Zombie_Villager_Base.png?ce898
172px-Plains_Villager_Base_JE2.png?a2fcc
181px-Jungle_Zombie_Villager_Base.png?ce898
172px-Plains_Villager_Base_JE2.png?a2fcc
181px-Jungle_Zombie_Villager_Base.png?ce898
172px-Plains_Villager_Base_JE2.png?a2fcc
181px-Jungle_Zombie_Villager_Base.png?ce898
172px-Plains_Villager_Base_JE2.png?a2fcc
 
Statistiques - réponses
Réponse % Correct
181px-Jungle_Zombie_Villager_Base.png?ce898
172px-Plains_Villager_Base_JE2.png?a2fcc
35%
181px-Jungle_Zombie_Villager_Base.png?ce898
172px-Plains_Villager_Base_JE2.png?a2fcc
30%
181px-Jungle_Zombie_Villager_Base.png?ce898
172px-Plains_Villager_Base_JE2.png?a2fcc
30%
181px-Jungle_Zombie_Villager_Base.png?ce898
172px-Plains_Villager_Base_JE2.png?a2fcc
28%
181px-Jungle_Zombie_Villager_Base.png?ce898
172px-Plains_Villager_Base_JE2.png?a2fcc
27%
181px-Jungle_Zombie_Villager_Base.png?ce898
172px-Plains_Villager_Base_JE2.png?a2fcc
27%
181px-Jungle_Zombie_Villager_Base.png?ce898
172px-Plains_Villager_Base_JE2.png?a2fcc
26%
181px-Jungle_Zombie_Villager_Base.png?ce898
172px-Plains_Villager_Base_JE2.png?a2fcc
26%
181px-Jungle_Zombie_Villager_Base.png?ce898
172px-Plains_Villager_Base_JE2.png?a2fcc
26%
181px-Jungle_Zombie_Villager_Base.png?ce898
172px-Plains_Villager_Base_JE2.png?a2fcc
26%
181px-Jungle_Zombie_Villager_Base.png?ce898
172px-Plains_Villager_Base_JE2.png?a2fcc
25%
181px-Jungle_Zombie_Villager_Base.png?ce898
172px-Plains_Villager_Base_JE2.png?a2fcc
25%
181px-Jungle_Zombie_Villager_Base.png?ce898
172px-Plains_Villager_Base_JE2.png?a2fcc
24%
181px-Jungle_Zombie_Villager_Base.png?ce898
172px-Plains_Villager_Base_JE2.png?a2fcc
24%
181px-Jungle_Zombie_Villager_Base.png?ce898
172px-Plains_Villager_Base_JE2.png?a2fcc
24%
181px-Jungle_Zombie_Villager_Base.png?ce898
172px-Plains_Villager_Base_JE2.png?a2fcc
24%
181px-Jungle_Zombie_Villager_Base.png?ce898
172px-Plains_Villager_Base_JE2.png?a2fcc
23%
Aucun quiz correspondant
Distribution des résultats
% des personnes avec chaque résultat
Percentile par nombre de réponses
Votre historique - résultats
Vous n’avez pas pris ce quiz